000 00474nam a2200145Ia 4500
008 231129s1994||||xx |||||||||||||| ||spa||
020 _a84-7583-732-8
040 _bspa
082 _a658.8 M146m
100 _aMcGoldrick Gerry
245 0 _aManual de dirección de la calidad: Diseño y práctica de sistemas de calidad adaptadas a las necesidades de cada empresa
260 _c1994
264 _aEdiciones Folio
942 _2ddc
_cBKS
999 _c20349
_d20349